[Event "Collado Villalba op 40th"]
[Site "Collado Villalba"]
[Date "2023.08.24"]
[Round "3"]
[White "Urbina Otero, Sebastian"]
[Black "Garcia Lopez, Fernando"]
[Result "1-0"]
[WhiteElo "1747"]
[BlackElo "1396"]
[PlyCount "79"]
[EventDate "2023.08.22"]
[EventType "swiss"]
[EventRounds "9"]
[EventCountry "ESP"]
[SourceTitle "EXT 2024"]
[Source "ChessBase"]
[SourceDate "2023.10.10"]
[SourceVersion "1"]
[SourceVersionDate "2023.10.10"]
[SourceQuality "1"]

1. e4 e5 2. Nc3 Nc6 3. Bc4 Nf6 4. d3 d6 5. f4 Bg4 6. Nf3 Nd4 7. fxe5 dxe5 8. Bxf7+ Kxf7 9. Nxe5+ Kg8 10. Nxg4 Be7 11. 0-0 h5 12. Nxf6+ Bxf6 13. Nd5 Be5 14. Bf4 Qd6 15. Bxe5 Qxe5 16. c3 c6 17. Nf4 Qc5 18. cxd4 Qxd4+ 19. Kh1 Qxb2 20. Qb3+ Qxb3 21. axb3 a6 22. e5 Rh6 23. Rae1 Re8 24. d4 g5 25. Nh3 Rg6 26. Rf5 Rd8 27. e6 Re8 28. Nxg5 Kg7 29. h4 Rf6 30. Ref1 Rxf5 31. Rxf5 Kg6 32. Rf7 Rxe6 33. Nxe6 Kxf7 34. Nd8+ Kf6 35. Nxb7 Ke7 36. Nc5 Kd6 37. Nxa6 Kd5 38. Nb4+ Kd6 39. Nxc6 Kxc6 40. g4 1-0

[Event "Collado Villalba op 39th"]
[Site "Collado Villalba"]
[Date "2022.08.24"]
[Round "5"]
[White "Mata Medina, Andres"]
[Black "Urbina Otero, Sebastian"]
[Result "0-1"]
[WhiteElo "1450"]
[BlackElo "1671"]
[PlyCount "68"]
[EventDate "2022.08.20"]
[EventType "swiss"]
[EventRounds "9"]
[EventCountry "ESP"]
[SourceTitle "EXT 2023"]
[Source "ChessBase"]
[SourceDate "2022.10.05"]
[SourceVersion "1"]
[SourceVersionDate "2022.10.05"]
[SourceQuality "1"]

1. e4 d5 2. exd5 Nf6 3. d4 Bg4 4. Nf3 Qxd5 5. Be2 Nc6 6. c4 Qf5 7. Nc3 0-0-0 8. Be3 e5 9. d5 Nb4 10. 0-0 Bxf3 11. Bxf3 Nc2 12. Ne4 Nxa1 13. Nxf6 Qxf6 14. Bxa7 Qg6 15. Qe2 b6 16. Rxa1 Bc5 17. a4 e4 18. Bh5 Qf6 19. a5 e3 20. f3 Rhe8 21. Kh1 Kb7 22. axb6 cxb6 23. f4 Ra8 24. Bf3 Qd6 25. b4 Bxb4 26. c5 Bxc5 27. Qa6+ Kc7 28. Rc1 f5 29. Qa2 Kd7 30. Qa1 e2 31. Re1 g6 32. Bxe2 Kc7 33. Qa6 Qxd5 34. Rd1 Qxd1+ 0-1

[Event "Collado Villalba op 39th"]
[Site "Collado Villalba"]
[Date "2022.08.21"]
[Round "2"]
[White "Urbina Otero, Sebastian"]
[Black "Mouradova, Nelli"]
[Result "1-0"]
[WhiteElo "1671"]
[BlackElo "1825"]
[PlyCount "75"]
[EventDate "2022.08.20"]
[EventType "swiss"]
[EventRounds "9"]
[EventCountry "ESP"]
[SourceTitle "EXT 2023"]
[Source "ChessBase"]
[SourceDate "2022.10.05"]
[SourceVersion "1"]
[SourceVersionDate "2022.10.05"]
[SourceQuality "1"]

1. e4 e6 2. Nf3 Nc6 3. d4 d5 4. e5 h6 5. c3 Nge7 6. h4 b6 7. Bd3 Bb7 8. Bf4 a6 9. g4 g6 10. Qc2 Bg7 11. Nbd2 Qd7 12. b4 Na7 13. Nb3 Rc8 14. Rb1 Qc6 15. a4 Qxa4 16. b5 Nxb5 17. Ra1 Na3 18. Qb2 Nc4 19. Qb1 Qc6 20. Qc1 Ra8 21. h5 g5 22. Bxg5 hxg5 23. Qxg5 Bh6 24. Qf6 Kd7 25. g5 Nb2 26. Kd2 Nxd3 27. Kxd3 Qc4+ 28. Kc2 Qe2+ 29. Nbd2 c5 30. gxh6 c4 31. Rhg1 Qd3+ 32. Kb2 Rhf8 33. Rg7 Qf5 34. Nh4 Qxh5 35. Ng6 Nxg6 36. Rxf7+ Rxf7 37. Qxf7+ Ne7 38. Qxh5 1-0

[Event "Collado Villalba op 38th"]
[Site "Collado Villalba"]
[Date "2021.08.27"]
[Round "7"]
[White "Serrano Ruiz, Lope"]
[Black "Urbina Otero, Sebastian"]
[Result "1-0"]
[WhiteElo "1928"]
[BlackElo "1585"]
[PlyCount "53"]
[EventDate "2021.08.21"]
[EventType "swiss"]
[EventRounds "9"]
[EventCountry "ESP"]
[SourceTitle "CBM 204 Extra"]
[Source "ChessBase"]
[SourceDate "2021.11.30"]
[SourceVersion "1"]
[SourceVersionDate "2021.11.30"]
[SourceQuality "1"]

1. e4 d5 2. exd5 Nf6 3. d4 Bg4 4. Nf3 Qxd5 5. Be2 Nc6 6. c4 Qh5 7. Be3 0-0-0 8. Nbd2 e6 9. a3 Bd6 10. b4 e5 11. d5 Nb8 12. Qc2 e4 13. Nxe4 Nxe4 14. Qxe4 Rhe8 15. Qc2 f5 16. c5 Bf4 17. c6 Bxe3 18. cxb7+ Kxb7 19. fxe3 Rxe3 20. 0-0 Rde8 21. Bb5 R8e7 22. d6 cxd6 23. Rac1 a6 24. Qc8+ Ka7 25. Nd4 Qf7 26. Nc6+ Nxc6 27. Rxc6 1-0

[Event "Collado Villalba op 38th"]
[Site "Collado Villalba"]
[Date "2021.08.22"]
[Round "2"]
[White "Urbina Otero, Sebastian"]
[Black "Jimenez Carrazoni, Marta Elena"]
[Result "1/2-1/2"]
[WhiteElo "1585"]
[BlackElo "1208"]
[PlyCount "108"]
[EventDate "2021.08.21"]
[EventType "swiss"]
[EventRounds "9"]
[EventCountry "ESP"]
[SourceTitle "CBM 204 Extra"]
[Source "ChessBase"]
[SourceDate "2021.11.30"]
[SourceVersion "1"]
[SourceVersionDate "2021.11.30"]
[SourceQuality "1"]

1. e4 c5 2. Nf3 Nc6 3. Bb5 g6 4. c3 Bg7 5. d4 Qb6 6. Bxc6 bxc6 7. 0-0 d6 8. Re1 Bg4 9. dxc5 Qxc5 10. Be3 Qb5 11. Na3 Qxb2 12. Qa4 Qb7 13. Rab1 Qd7 14. Nc4 Qc8 15. Bd4 Bxd4 16. Nxd4 Bd7 17. Qa5 c5 18. Nb5 Bxb5 19. Qxb5+ Qd7 20. Qa6 Qc8 21. Rb7 Nh6 22. Qa4+ Kf8 23. Reb1 Qe8 24. Qxe8+ Rxe8 25. Rxa7 Kg7 26. h3 Ng8 27. Rbb7 Kf8 28. Nxd6 Rd8 29. Rd7 Rxd7 30. Rxd7 exd6 31. Rxd6 Kg7 32. e5 Ne7 33. Rd7 Re8 34. f4 Kf8 35. Ra7 Nd5 36. Ra5 Nxc3 37. Rxc5 Nxa2 38. Kf2 Nb4 39. Rc7 Nd5 40. Rc4 Ra8 41. g3 Ra3 42. Rd4 Ne3 43. Rd8+ Kg7 44. Rd7 Ra2+ 45. Kf3 Nf5 46. e6 Ra3+ 47. Kf2 Kf6 48. exf7 Ra8 49. f8Q+ Rxf8 50. Rxh7 Ra8 51. g4 Ng7 52. Rh6 Kf7 53. f5 gxf5 54. gxf5 Nxf5 1/2-1/2

[Event "Collado Villalba op 38th"]
[Site "Collado Villalba"]
[Date "2021.08.21"]
[Round "1"]
[White "Pastor Alonso de Prado, Emilio Alberto"]
[Black "Urbina Otero, Sebastian"]
[Result "1-0"]
[WhiteElo "2066"]
[BlackElo "1585"]
[PlyCount "53"]
[EventDate "2021.08.21"]
[EventType "swiss"]
[EventRounds "9"]
[EventCountry "ESP"]
[SourceTitle "CBM 204 Extra"]
[Source "ChessBase"]
[SourceDate "2021.11.30"]
[SourceVersion "1"]
[SourceVersionDate "2021.11.30"]
[SourceQuality "1"]

1. Nf3 d5 2. c4 c6 3. b3 Nf6 4. Bb2 Bf5 5. e3 e6 6. Be2 Bd6 7. Nh4 Bxb1 8. Qxb1 Ne4 9. Nf3 Nd7 10. 0-0 Qc7 11. Qc2 0-0 12. d3 Nef6 13. a3 a5 14. Rac1 Rac8 15. cxd5 exd5 16. g3 Rfe8 17. Rfe1 h6 18. Bf1 Ne5 19. Nh4 Qd7 20. e4 dxe4 21. dxe4 Bc7 22. Kg2 Bb6 23. h3 Ng6 24. Bxf6 gxf6 25. Nf5 Re5 26. Rcd1 Qe6 27. Bc4 1-0